[Event "Open 150' Unita' d'Italia B"]
[Site "Torino ITA"]
[Date "2011.06.04"]
[Round "6"]
[White "Cepparrone, Daniele"]
[Black "Turini, Gianluca"]
[Result "0-1"]
[WhiteElo "1665"]
[BlackElo "1809"]
[PlyCount "48"]
[EventDate "2011.05.31"]

1. e4 c6 2. Nc3 d5 3. Nf3 dxe4 4. Nxe4 Bf5 5. Ng3 Bg6 6. h4 h6 7. Ne5 Qd6 8.
Nxg6 Qxg6 9. d4 Qe6+ 10. Qe2 Qxe2+ 11. Bxe2 Nf6 12. Be3 e6 13. O-O-O Bd6 14.
Nh5 Nxh5 15. Bxh5 Nd7 16. f4 Nb6 17. Bf3 Nd5 18. Bxd5 cxd5 19. Rhf1 f5 20. g4
fxg4 21. f5 Ke7 22. Bf4 Rhf8 23. Be5 Bxe5 24. dxe5 Rxf5 0-1

[Event "Open 150' Unita' d'Italia B"]
[Site "Torino ITA"]
[Date "2011.06.04"]
[Round "6"]
[White "Di Chiara, Mauro"]
[Black "Blundo, Michele"]
[Result "1-0"]
[WhiteElo "1955"]
[BlackElo "1728"]
[PlyCount "79"]
[EventDate "2011.05.31"]

1. Nf3 d5 2. g3 c6 3. Bg2 Nf6 4. O-O Bf5 5. c4 e6 6. d4 Be7 7. Nc3 Nbd7 8. Nh4
Bg6 9. Nxg6 hxg6 10. Qd3 dxc4 11. Qxc4 Nb6 12. Qd3 Qd7 13. Rd1 O-O-O 14. e4 Rh5
15. a4 Ng4 16. a5 Na8 17. h3 Ne5 18. Qe2 Qc7 19. dxe5 Rxd1+ 20. Qxd1 Bb4 21.
Qd4 Bxc3 22. bxc3 Qxe5 23. Bf4 Qxd4 24. cxd4 Nc7 25. Bxc7 Kxc7 26. e5 f6 27. f4
Rh8 28. a6 b6 29. Rc1 Rc8 30. Rxc6+ Kd7 31. Rxc8 Kxc8 32. exf6 gxf6 33. g4 Kc7
34. h4 Kd7 35. h5 gxh5 36. gxh5 Ke7 37. d5 exd5 38. Bxd5 Kf8 39. h6 f5 40. Kf2
1-0

[Event "Open 150' Unita' d'Italia B"]
[Site "Torino ITA"]
[Date "2011.06.04"]
[Round "6"]
[White "Fassio, Francesco"]
[Black "De Renzi, Giuseppe"]
[Result "1/2-1/2"]
[WhiteElo "1661"]
[BlackElo "1550"]
[PlyCount "80"]
[EventDate "2011.05.31"]

1. c4 Nf6 2. Nc3 g6 3. g3 Bg7 4. Bg2 O-O 5. Nf3 d6 6. O-O Nbd7 7. d4 a6 8. b3
c6 9. Nd2 Rb8 10. Bb2 Qc7 11. Rc1 Re8 12. e3 Nf8 13. h3 N6d7 14. Kh2 e5 15.
dxe5 Nxe5 16. Nf3 Nxf3+ 17. Bxf3 Be6 18. Bg2 Red8 19. Qe2 Nd7 20. Rfd1 Nf6 21.
Ne4 Nxe4 22. Bxg7 Kxg7 23. Bxe4 f5 24. Bg2 Qf7 25. Rd2 d5 26. Rcd1 Rd7 27. cxd5
Bxd5 28. Bxd5 Rxd5 29. Rxd5 cxd5 30. Qd2 Rd8 31. Qd4+ Qf6 32. Kg2 Qxd4 33. Rxd4
Kf6 34. f4 Rd7 35. g4 Ke6 36. Kf2 Rc7 37. Rd2 Rc3 38. gxf5+ gxf5 39. Kf3 h5 40.
h4 b5 1/2-1/2

[Event "Open 150' Unita' d'Italia B"]
[Site "Torino ITA"]
[Date "2011.06.04"]
[Round "6"]
[White "Guerra, Mirko"]
[Black "Casarin, Renato"]
[Result "0-1"]
[WhiteElo "1674"]
[BlackElo "1587"]
[PlyCount "72"]
[EventDate "2011.05.31"]

1. d3 d5 2. g3 c6 3. Bg2 e5 4. Nf3 Bd6 5. O-O Nf6 6. c4 O-O 7. Nbd2 Be6 8. Qc2
Re8 9. e4 h6 10. exd5 cxd5 11. Re1 Nbd7 12. b3 Rc8 13. Bb2 Bf5 14. Bf1 Qc7 15.
Qd1 d4 16. Nb1 Bb4 17. Nfd2 Qa5 18. a3 Bxd2 19. Nxd2 Qb6 20. b4 a6 21. c5 Qe6
22. Nc4 Bh3 23. Bxh3 Qxh3 24. Qf3 Rc7 25. Qg2 Qf5 26. Nd6 Qxd3 27. Nxe8 Nxe8
28. Rad1 Qb3 29. Bxd4 exd4 30. Rxe8+ Kh7 31. Qe4+ g6 32. Qxd4 Nf6 33. Qxf6
Qxd1+ 34. Kg2 Qd5+ 35. f3 Qd2+ 36. Kh3 Qd7+ 0-1

[Event "Open 150' Unita' d'Italia B"]
[Site "Torino ITA"]
[Date "2011.06.04"]
[Round "6"]
[White "Gussone, Claudio"]
[Black "Bisi, Riccardo"]
[Result "1-0"]
[WhiteElo "1773"]
[BlackElo "1694"]
[PlyCount "59"]
[EventDate "2011.05.31"]

1. b3 e5 2. Bb2 Nc6 3. e3 d6 4. Bb5 Bd7 5. d3 Nf6 6. Nd2 Be7 7. Qe2 O-O 8. Bxc6
Bxc6 9. e4 d5 10. O-O-O d4 11. Nh3 a5 12. a3 Bd6 13. g4 Qe7 14. Nc4 Bc5 15. f4
exf4 16. Nxf4 b5 17. g5 bxc4 18. gxf6 Qxf6 19. Nh5 Qh6+ 20. Kb1 c3 21. Bc1 Qd6
22. Rhg1 g6 23. e5 Qe6 24. Nf6+ Kh8 25. Rg4 Be7 26. Bg5 Rab8 27. Ka1 Ba4 28.
Rh4 Bxf6 29. Bxf6+ Kg8 30. Qh5 1-0

[Event "Open 150' Unita' d'Italia B"]
[Site "Torino ITA"]
[Date "2011.06.04"]
[Round "6"]
[White "Martin, Tiziano"]
[Black "Labarthe, Arnaud"]
[Result "1-0"]
[WhiteElo "1936"]
[BlackElo "1877"]
[PlyCount "57"]
[EventDate "2011.05.31"]

1. d4 Nf6 2. Nf3 c5 3. c3 e6 4. e3 b6 5. Nbd2 Bb7 6. Bd3 d5 7. O-O Nbd7 8. Ne5
Bd6 9. f4 Bxe5 10. fxe5 Ne4 11. Qf3 f5 12. exf6 Nexf6 13. Qh3 Ke7 14. Nf3 Qg8
15. Ne5 Rf8 16. Bd2 Ne4 17. Bxe4 dxe4 18. Nxd7 Kxd7 19. c4 Rxf1+ 20. Rxf1 Qe8
21. d5 Kd6 22. Qg3+ e5 23. Qxg7 Bxd5 24. cxd5 Kxd5 25. Qxa7 Rf8 26. Rxf8 Qxf8
27. Qxb6 Qf5 28. b4 Qg4 29. Qxc5+ 1-0

[Event "Open 150' Unita' d'Italia B"]
[Site "Torino ITA"]
[Date "2011.06.04"]
[Round "6"]
[White "Paoli, Mario"]
[Black "Negro, Francesco P."]
[Result "1/2-1/2"]
[WhiteElo "1802"]
[BlackElo "1784"]
[PlyCount "79"]
[EventDate "2011.05.31"]

1. c4 f5 2. Nc3 Nf6 3. e3 g6 4. d4 Bg7 5. Nf3 d6 6. Be2 O-O 7. Rb1 Qe8 8. b4 e5
9. dxe5 dxe5 10. O-O Nbd7 11. Ba3 Qe7 12. Qb3 c5 13. Rfd1 e4 14. Ne1 Qe5 15.
Nd5 b6 16. Bb2 Qb8 17. Ne7+ Kf7 18. Nc6 Qc7 19. b5 Bb7 20. Nb4 Rfd8 21. Nd5
Bxd5 22. cxd5 Qd6 23. Nc2 Kf8 24. Na3 Ne5 25. Nc4 Nxc4 26. Qxc4 Rd7 27. Bxf6
Bxf6 28. Qb3 Be5 29. g3 h5 30. a4 h4 31. Kg2 hxg3 32. hxg3 Rh7 33. Rh1 Rxh1 34.
Rxh1 Kg7 35. Bc4 g5 36. Qd1 g4 37. Rh5 Rf8 38. Qh1 Qg6 39. Qh4 Bf6 40. Qh1
1/2-1/2

[Event "Open 150' Unita' d'Italia B"]
[Site "Torino ITA"]
[Date "2011.06.04"]
[Round "6"]
[White "Razzano, Lorenzo"]
[Black "Manunta, Andrea"]
[Result "1-0"]
[WhiteElo "1951"]
[BlackElo "1882"]
[PlyCount "79"]
[EventDate "2011.05.31"]

1. e4 e6 2. Nf3 d5 3. Nc3 d4 4. Ne2 c5 5. c3 Nc6 6. cxd4 cxd4 7. Qa4 Bc5 8. b4
Bxb4 9. Nexd4 Qa5 10. Bb5 Qxa4 11. Bxa4 Bd7 12. Nxc6 Bxc6 13. Bxc6+ bxc6 14.
Ke2 Nf6 15. d3 O-O 16. Rb1 Bc5 17. Bf4 Nh5 18. Bd2 Bb6 19. Rhc1 Rac8 20. Ne5
Rc7 21. Nxc6 Kh8 22. Ne5 Rxc1 23. Rxc1 Nf6 24. Bb4 Rb8 25. Bd6 Rb7 26. Rc8+ Ng8
27. Rf8 h6 28. Rxf7 Rxf7 29. Nxf7+ Kh7 30. Ne5 Nf6 31. Nc4 Bd4 32. f3 Ne8 33.
Bf4 Bc5 34. Be3 Bxe3 35. Kxe3 Nc7 36. d4 Kg8 37. Kd3 Kf8 38. Ne5 Ke8 39. Kc4
Kd8 40. Nc6+ 1-0

[Event "Open 150' Unita' d'Italia B"]
[Site "Torino ITA"]
[Date "2011.06.04"]
[Round "7"]
[White "Bisi, Samuele"]
[Black "Di Chiara, Mauro"]
[Result "1-0"]
[WhiteElo "1940"]
[BlackElo "1955"]
[PlyCount "68"]
[EventDate "2011.05.31"]

1. d4 d6 2. c4 Nf6 3. Nc3 g6 4. e4 Bg7 5. f3 O-O 6. Be3 Nc6 7. Nge2 a6 8. Qd2
Rb8 9. Nc1 e5 10. d5 Nd4 11. Nb3 Nxb3 12. axb3 Nh5 13. O-O-O f5 14. Bd3 Rf7 15.
b4 Nf6 16. Bc2 b6 17. Kb1 a5 18. bxa5 bxa5 19. Rhe1 Nd7 20. Na4 Nb6 21. Nxb6
cxb6 22. Ba4 Ba6 23. Rc1 Bxc4 24. Rxc4 b5 25. Bxb5 Rxb5 26. Rec1 Rb8 27. Qc3
fxe4 28. Rc8 Rxc8 29. Qxc8 Rf8 30. Qxd8 Rxd8 31. Bb6 Rb8 32. Bc7 Rb4 33. Bxd6
Rd4 34. Rc8+ Kf7 1-0

[Event "Open 150' Unita' d'Italia B"]
[Site "Torino ITA"]
[Date "2011.06.04"]
[Round "7"]
[White "D'Amato, Piergiorgio"]
[Black "Blundo, Michele"]
[Result "1/2-1/2"]
[WhiteElo "1855"]
[BlackElo "1728"]
[PlyCount "60"]
[EventDate "2011.05.31"]

1. e4 c5 2. c3 d5 3. exd5 Qxd5 4. d4 Nf6 5. Nf3 e6 6. Na3 a6 7. Nc2 Be7 8. Be2
Nc6 9. O-O cxd4 10. Ncxd4 Nxd4 11. Nxd4 e5 12. Nb3 Be6 13. Be3 O-O 14. Qxd5
Bxd5 15. c4 Be6 16. Bc5 Rfe8 17. Bxe7 Rxe7 18. Nc5 Bf5 19. b3 e4 20. Rad1 Bg4
21. Rfe1 Bxe2 22. Rxe2 b5 23. cxb5 axb5 24. h3 Rae8 25. Kf1 h5 26. Rd4 g5 27.
Rd6 Kg7 28. Rb6 Nd5 29. Rb7 f5 30. Ne6+ Kf6 1/2-1/2

[Event "Open 150' Unita' d'Italia B"]
[Site "Torino ITA"]
[Date "2011.06.05"]
[Round "7"]
[White "Fassio, Francesco"]
[Black "Cepparrone, Daniele"]
[Result "1/2-1/2"]
[WhiteElo "1661"]
[BlackElo "1665"]
[PlyCount "53"]
[EventDate "2011.05.31"]

1. c4 Nf6 2. Nc3 g6 3. g3 Bg7 4. Bg2 O-O 5. Nf3 d6 6. d3 Nbd7 7. O-O e5 8. Bd2
Nh5 9. Qc1 f5 10. Bh6 Nc5 11. Bxg7 Kxg7 12. b4 Ne6 13. e3 g5 14. Ne2 g4 15. Nh4
f4 16. exf4 exf4 17. Be4 Ng5 18. f3 Nxe4 19. fxe4 f3 20. Nd4 Qf6 21. Nhf5+ Bxf5
22. Nxf5+ Kh8 23. Qe3 Rae8 24. Qf2 b6 25. Rae1 Ng7 26. Nh4 Ne6 27. Nf5 1/2-1/2

[Event "Open 150' Unita' d'Italia B"]
[Site "Torino ITA"]
[Date "2011.06.04"]
[Round "7"]
[White "Giacchino, Claudio"]
[Black "Banchio, Davide"]
[Result "0-1"]
[WhiteElo "1664"]
[BlackElo "1976"]
[PlyCount "118"]
[EventDate "2011.05.31"]

1. e4 c5 2. Nf3 d6 3. Nc3 Nf6 4. Be2 Nc6 5. O-O e6 6. d4 cxd4 7. Nxd4 Be7 8. h3
a6 9. Be3 Qc7 10. a3 O-O 11. Qd2 Ne5 12. b3 b5 13. f4 Ned7 14. Bd3 Bb7 15. b4
Rac8 16. Nce2 Bxe4 17. Bxe4 Nxe4 18. Qd3 Ndf6 19. Rac1 Qc4 20. Qd1 Nd5 21. Rf3
Bf6 22. g4 Nxe3 23. Rxe3 Nc3 24. Qd3 Nxe2+ 25. Nxe2 e5 26. fxe5 Bg5 27. Kf2
dxe5 28. Qxc4 Bxe3+ 29. Kxe3 Rxc4 30. c3 f5 31. gxf5 Rxf5 32. Rg1 Rh5 33. Rg3
Rhh4 34. Kd3 Rh6 35. Ke3 Rd6 36. Rg1 e4 37. Rh1 Rd3+ 38. Kf4 Rd2 39. Re1 g5+
40. Kxg5 e3 41. Kf5 Kf7 42. Ke5 Ke7 43. Nf4 Kf7 44. Rxe3 Ra2 45. Ne2 Rxa3 46.
Kd5 Rxb4 47. Rf3+ Ke7 48. Re3+ Kd7 49. Rd3 Rc4 50. Rg3 Rh4 51. Rd3 Rh5+ 52.
Ke4+ Kc6 53. Nd4+ Kc5 54. Ne6+ Kc4 55. Rd6 Kxc3 56. Rc6+ Kb4 57. Nc7 Rhxh3 58.
Nxa6+ Rxa6 59. Rxa6 Kb3 0-1

[Event "Open 150' Unita' d'Italia B"]
[Site "Torino ITA"]
[Date "2011.06.04"]
[Round "7"]
[White "Guerra, Mirko"]
[Black "Maschietti, Giampaolo"]
[Result "1-0"]
[WhiteElo "1674"]
[BlackElo "1422"]
[PlyCount "61"]
[EventDate "2011.05.31"]

1. Nf3 c5 2. g3 Nf6 3. d3 g6 4. c4 Bg7 5. Bg2 O-O 6. O-O Nc6 7. Nbd2 d6 8. Rb1
b6 9. a3 Rb8 10. b4 Bb7 11. bxc5 dxc5 12. Nb3 Qd7 13. Bf4 Rbd8 14. Qd2 Nd4 15.
Nbxd4 cxd4 16. c5 Bxf3 17. Bxf3 bxc5 18. Rb7 Qe6 19. Rxa7 Rd7 20. Qa5 Rxa7 21.
Qxa7 Ng4 22. Qxc5 Rc8 23. Qd5 Qxd5 24. Bxd5 e6 25. Bc4 Ne5 26. Bb5 Rc5 27. a4
Nc6 28. Rc1 Rxc1+ 29. Bxc1 Na5 30. Bd2 Nb3 31. a5 1-0

[Event "Open 150' Unita' d'Italia B"]
[Site "Torino ITA"]
[Date "2011.06.04"]
[Round "7"]
[White "Labarthe, Arnaud"]
[Black "Figari, Andrea"]
[Result "1-0"]
[WhiteElo "1877"]
[BlackElo "1841"]
[PlyCount "65"]
[EventDate "2011.05.31"]

1. e4 e5 2. Nf3 Nc6 3. d4 exd4 4. Nxd4 Bc5 5. Nb3 Bb6 6. Nc3 Nf6 7. Qe2 O-O 8.
Be3 Bxe3 9. Qxe3 Re8 10. f3 a6 11. O-O-O d6 12. g4 h6 13. h4 Nh7 14. Kb1 Ne5
15. Be2 b5 16. Rdg1 Be6 17. f4 Nc4 18. Qc1 d5 19. f5 d4 20. fxe6 dxc3 21. exf7+
Kxf7 22. bxc3 Kg8 23. g5 hxg5 24. hxg5 g6 25. Qf4 Qd6 26. Qh4 Re7 27. Rd1 Qa3
28. Bxc4+ bxc4 29. e5 cxb3 30. Qc4+ Kg7 31. cxb3 Qa5 32. Qc6 Rae8 33. Rxh7+ 1-0

[Event "Open 150' Unita' d'Italia B"]
[Site "Torino ITA"]
[Date "2011.06.04"]
[Round "7"]
[White "Mantovan, Giuseppe"]
[Black "Paoli, Mario"]
[Result "1-0"]
[WhiteElo "1837"]
[BlackElo "1802"]
[PlyCount "106"]
[EventDate "2011.05.31"]

1. d4 g6 2. c4 Bg7 3. Nc3 Nf6 4. e4 d6 5. f4 O-O 6. Nf3 c6 7. Be2 a6 8. a4 Ng4
9. h3 Nf6 10. O-O e6 11. Ng5 h6 12. Nf3 Qb6 13. Kh2 Qc7 14. Be3 d5 15. e5 Ne8
16. c5 f6 17. Qd2 f5 18. b4 Bd7 19. Bd3 Qd8 20. Rg1 Nc7 21. g4 Be8 22. gxf5
exf5 23. Qg2 Ne6 24. Rab1 Qe7 25. h4 h5 26. b5 Bh6 27. Ng5 Bxg5 28. hxg5 axb5
29. axb5 Ra3 30. Qb2 Ra7 31. bxc6 Bxc6 32. Qb3 Rd8 33. Rg2 Kg7 34. Rgb2 Nxc5
35. dxc5 d4 36. Nb5 Bxb5 37. Bxb5 dxe3 38. Qxe3 Nc6 39. e6 Rd5 40. Bxc6 bxc6
41. Qc3+ Kg8 42. Rb8+ Rd8 43. Qf6 Qxf6 44. gxf6 Ra8 45. R8b7 Ra2+ 46. R1b2 Ra4
47. Rg7+ Kh8 48. Rxg6 Rxf4 49. Rh6+ Kg8 50. Rxh5 Ra8 51. Rg2+ Rg4 52. Rg5+ Rxg5
53. Rxg5+ Kh8 1-0

[Event "Open 150' Unita' d'Italia B"]
[Site "Torino ITA"]
[Date "2011.06.04"]
[Round "7"]
[White "Manunta, Andrea"]
[Black "Gussone, Claudio"]
[Result "1-0"]
[WhiteElo "1882"]
[BlackElo "1773"]
[PlyCount "101"]
[EventDate "2011.05.31"]

1. d4 f5 2. g3 Nf6 3. Bg2 e6 4. c4 Bb4+ 5. Bd2 Qe7 6. Nc3 d5 7. cxd5 Bxc3 8.
bxc3 exd5 9. e3 b6 10. Ne2 Ba6 11. O-O Bc4 12. Re1 Nbd7 13. Qc2 O-O 14. Nc1
Rae8 15. Nd3 Qf7 16. Bc1 Qg6 17. Nf4 Qf7 18. Ba3 c5 19. Qa4 g5 20. Nh3 a6 21.
Qd1 Ne4 22. Qc1 Qg7 23. f3 Nef6 24. e4 fxe4 25. fxe4 Nxe4 26. Bxe4 dxe4 27.
Qxg5 Rf3 28. Qxg7+ Kxg7 29. dxc5 Nxc5 30. Nf4 Nd3 31. Nxd3 Bxd3 32. Rad1 Kg6
33. Bc1 Re6 34. Re3 Rxe3 35. Bxe3 Kf5 36. Rd2 Kg4 37. Rf2 Kh5 38. Rf4 Kg6 39.
Rg4+ Kf7 40. Rf4+ Kg6 41. Kf2 a5 42. Rg4+ Kf7 43. Bd4 Rh6 44. h4 Rd6 45. Ke3 h5
46. Rg7+ Kf8 47. Rh7 Rg6 48. Be5 Re6 49. Rxh5 a4 50. a3 Rg6 51. Rf5+ 1-0

[Event "Open 150' Unita' d'Italia B"]
[Site "Torino ITA"]
[Date "2011.06.04"]
[Round "7"]
[White "Martin, Tiziano"]
[Black "Cacinschi, Alexandru"]
[Result "1/2-1/2"]
[WhiteElo "1936"]
[BlackElo "1974"]
[PlyCount "50"]
[EventDate "2011.05.31"]

1. d4 d5 2. Nf3 Nf6 3. c4 c6 4. e3 e6 5. Bd3 Nbd7 6. O-O dxc4 7. Bxc4 b5 8. Be2
a6 9. a4 Bb7 10. Nbd2 Be7 11. b3 Qb6 12. Bb2 c5 13. axb5 axb5 14. Rxa8+ Bxa8
15. dxc5 Bxc5 16. Qc2 O-O 17. Rc1 Bd6 18. Qd3 Rb8 19. Bd4 Qa6 20. Ra1 Qc6 21.
Qc3 Qxc3 22. Bxc3 b4 23. Bd4 Bd5 24. Bc4 Ra8 25. Rxa8+ Bxa8 1/2-1/2

[Event "Open 150' Unita' d'Italia B"]
[Site "Torino ITA"]
[Date "2011.06.04"]
[Round "7"]
[White "Militello, Michele"]
[Black "Riccardi, Mauro"]
[Result "1/2-1/2"]
[WhiteElo "1811"]
[BlackElo "1833"]
[PlyCount "43"]
[EventDate "2011.05.31"]

1. d4 Nf6 2. Nf3 g6 3. c4 Bg7 4. Nc3 d5 5. Bg5 Ne4 6. cxd5 Nxg5 7. Nxg5 e6 8.
Nf3 exd5 9. e3 O-O 10. Rc1 c6 11. Bd3 a5 12. O-O Bg4 13. h3 Bxf3 14. Qxf3 f5
15. g3 Qd6 16. Na4 Nd7 17. b3 Qe6 18. Kg2 Rf7 19. Nc5 Nxc5 20. Rxc5 Bf8 21. Rc2
Bd6 22. h4 1/2-1/2

[Event "Open 150' Unita' d'Italia B"]
[Site "Torino ITA"]
[Date "2011.06.04"]
[Round "7"]
[White "Negro, Francesco P."]
[Black "Razzano, Lorenzo"]
[Result "0-1"]
[WhiteElo "1784"]
[BlackElo "1951"]
[PlyCount "76"]
[EventDate "2011.05.31"]

1. e4 g6 2. d4 Bg7 3. f4 c5 4. Nf3 d6 5. Bb5+ Bd7 6. Bxd7+ Nxd7 7. d5 Ndf6 8.
Nc3 Qc7 9. a4 e6 10. O-O exd5 11. e5 Ng4 12. h3 N4h6 13. Qxd5 Ne7 14. Qxd6 Qxd6
15. exd6 Bxc3 16. bxc3 Nef5 17. Re1+ Kd7 18. Ba3 b6 19. Ne5+ Kc8 20. Rad1 f6
21. Bc1 Rd8 22. Nc6 Rxd6 23. Rxd6 Nxd6 24. Re7 Nhf7 25. g4 a6 26. Be3 h5 27.
gxh5 gxh5 28. f5 Nxf5 29. Bf4 Nxe7 30. Nxe7+ Kd7 31. Nd5 Rg8+ 32. Kf2 Ke6 33.
Nxb6 Ng5 34. Be3 Ne4+ 35. Kf3 f5 36. Bf4 Nxc3 37. a5 Ne4 38. Nc4 Rg1 0-1

[Event "Open 150' Unita' d'Italia B"]
[Site "Torino ITA"]
[Date "2011.06.04"]
[Round "7"]
[White "Turini, Gianluca"]
[Black "Ivaldo, Fabrizio"]
[Result "1-0"]
[WhiteElo "1809"]
[BlackElo "1925"]
[PlyCount "105"]
[EventDate "2011.05.31"]

1. d4 Nf6 2. c4 g6 3. Nc3 Bg7 4. e4 d6 5. f3 O-O 6. Be3 e5 7. d5 Nh5 8. Bd3 Nf4
9. Qd2 f5 10. Bc2 fxe4 11. Nxe4 Nd7 12. O-O-O Nb6 13. b3 Bd7 14. h4 a5 15. g3
Nh5 16. a4 Qe8 17. Rf1 Bf5 18. Ne2 Nd7 19. g4 Bxe4 20. Bxe4 Nhf6 21. Bc2 e4 22.
Nd4 Nc5 23. g5 Nh5 24. fxe4 Rxf1+ 25. Rxf1 Nxe4 26. Bxe4 Qxe4 27. Ne6 Ng3 28.
Rf4 Qh1+ 29. Qd1 Bb2+ 30. Kc2 Qxd1+ 31. Kxd1 Nf5 32. Bf2 Be5 33. Rf3 Rc8 34. h5
Ng7 35. h6 Nxe6 36. dxe6 Re8 37. Rf7 Rf8 38. Rxc7 Rxf2 39. e7 Kf7 40. Rxb7 Ke8
41. Rb8+ Kxe7 42. Rb7+ Ke6 43. Rxh7 Rf7 44. Rxf7 Kxf7 45. b4 Bc3 46. b5 Ke6 47.
Ke2 Bd4 48. Kd3 Be5 49. Ke4 Bb2 50. h7 Bh8 51. b6 Kd7 52. Kd5 Be5 53. c5 1-0

[Event "Open 150' Unita' d'Italia B"]
[Site "Torino ITA"]
[Date "2011.06.05"]
[Round "8"]
[White "Abbura', Davide"]
[Black "Negro, Francesco P."]
[Result "0-1"]
[WhiteElo "1706"]
[BlackElo "1784"]
[PlyCount "80"]
[EventDate "2011.05.31"]

1. e4 d5 2. exd5 Qxd5 3. Nc3 Qa5 4. d4 Nf6 5. Bd2 c6 6. Nf3 Bf5 7. Ne4 Qc7 8.
Nxf6+ gxf6 9. Nh4 Bg6 10. Nxg6 hxg6 11. g3 e6 12. Bg2 Nd7 13. O-O f5 14. c4 Bd6
15. c5 Be7 16. Bf4 Qd8 17. Re1 Kf8 18. Be5 Nxe5 19. dxe5 Bxc5 20. Qc2 Qb6 21.
Rad1 Ke7 22. Qd2 Kf8 23. Re2 Kg7 24. Qg5 Rhd8 25. Red2 Rd4 26. b4 Qxb4 27. Rxd4
Bxd4 28. h4 Qb6 29. Qf6+ Kg8 30. Qg5 Qd8 31. Rxd4 Qxd4 32. h5 Qd1+ 33. Bf1 Qxh5
34. Qe7 Qd1 35. Qxb7 Rd8 36. Qxc6 Qd5 37. Qa6 Qd4 38. Bc4 Qxe5 39. Qxa7 Rd1+
40. Bf1 Qe2 0-1

[Event "Open 150' Unita' d'Italia B"]
[Site "Torino ITA"]
[Date "2011.06.05"]
[Round "8"]
[White "Cacinschi, Alexandru"]
[Black "Labarthe, Arnaud"]
[Result "1/2-1/2"]
[WhiteElo "1974"]
[BlackElo "1877"]
[PlyCount "37"]
[EventDate "2011.05.31"]

1. Nf3 d5 2. d4 Bg4 3. Ne5 Bf5 4. c4 e6 5. Nc3 Nf6 6. Qb3 b6 7. Bg5 c6 8. cxd5
exd5 9. e3 Be7 10. Qa4 O-O 11. Be2 b5 12. Qd1 b4 13. Na4 Ne4 14. Bxe7 Qxe7 15.
Rc1 f6 16. Nd3 Nd7 17. O-O Rac8 18. Bf3 Ng5 19. Ndc5 {...} 1/2-1/2

[Event "Open 150' Unita' d'Italia B"]
[Site "Torino ITA"]
[Date "2011.06.05"]
[Round "8"]
[White "Casarin, Renato"]
[Black "Gussone, Claudio"]
[Result "1/2-1/2"]
[WhiteElo "1587"]
[BlackElo "1773"]
[PlyCount "56"]
[EventDate "2011.05.31"]

1. d4 f5 2. g3 Nf6 3. Bg2 e6 4. e3 Bb4+ 5. Bd2 Qe7 6. c4 Bxd2+ 7. Nxd2 d6 8.
Qb3 c6 9. Ne2 O-O 10. Nc3 Kh8 11. h3 Nbd7 12. O-O-O e5 13. Rde1 Qf7 14. f4 e4
15. g4 g6 16. Ncxe4 fxe4 17. Nxe4 Nxe4 18. Bxe4 Nf6 19. Bc2 Be6 20. Qc3 Bxc4
21. g5 Nd7 22. d5+ Qg7 23. Qxc4 Nb6 24. Qd3 cxd5 25. Kb1 Rfe8 26. Bb3 Qf7 27.
Qd4+ Qg7 28. Qd3 Qf7 1/2-1/2

[Event "Open 150' Unita' d'Italia B"]
[Site "Torino ITA"]
[Date "2011.06.05"]
[Round "8"]
[White "Cepparrone, Daniele"]
[Black "Giacchino, Claudio"]
[Result "1/2-1/2"]
[WhiteElo "1665"]
[BlackElo "1664"]
[PlyCount "108"]
[EventDate "2011.05.31"]

1. e4 e6 2. Qe2 g6 3. Nf3 d6 4. g3 Bg7 5. Bg2 Ne7 6. O-O Nd7 7. c3 b6 8. d4 Bb7
9. e5 d5 10. h3 Qc8 11. Be3 Ba6 12. Qe1 Bxf1 13. Qxf1 O-O 14. Nh4 c6 15. f4 Nf5
16. Nxf5 exf5 17. c4 dxc4 18. Qxc4 Qc7 19. Qxc6 Rac8 20. Qxc7 Rxc7 21. Nc3 a6
22. d5 Rfc8 23. d6 Rc4 24. Bf1 Rxc3 25. bxc3 Rxc3 26. Kf2 b5 27. Rc1 Rxc1 28.
Bxc1 Kf8 29. a4 bxa4 30. Bxa6 Ke8 31. Bb5 Kd8 32. Bxa4 Nc5 33. Bb5 f6 34. Be3
Ne6 35. Bb6+ Kc8 36. d7+ Kb7 37. d8=Q Nxd8 38. Bxd8 fxe5 39. fxe5 Bxe5 40. Bc4
h6 41. Bf7 g5 42. Be6 f4 43. gxf4 Bxf4 44. Be7 h5 45. Kf3 Bc1 46. Ke4 Kc7 47.
Kf5 g4 48. h4 g3 49. Bd5 Kd7 50. Bg5 Bb2 51. Bf4 Ke8 52. Bxg3 Kf8 53. Kg5 Kg7
54. Kxh5 Kh8 1/2-1/2

[Event "Open 150' Unita' d'Italia B"]
[Site "Torino ITA"]
[Date "2011.06.05"]
[Round "8"]
[White "De Renzi, Giuseppe"]
[Black "Bisi, Riccardo"]
[Result "1/2-1/2"]
[WhiteElo "1550"]
[BlackElo "1694"]
[PlyCount "42"]
[EventDate "2011.05.31"]

1. Nf3 d5 2. d4 Nf6 3. g3 e6 4. Bg2 Be7 5. c4 O-O 6. Nbd2 Nbd7 7. b3 c6 8. Bb2
Re8 9. O-O Bd6 10. Ne5 Bxe5 11. dxe5 Ng4 12. Nf3 Qb6 13. h3 Nh6 14. Qd4 c5 15.
Qd3 dxc4 16. Qxc4 g6 17. Qf4 Nf5 18. g4 Ne7 19. Qh6 Nf8 20. Qg5 Nd5 21. e4 Nb4
1/2-1/2

[Event "Open 150' Unita' d'Italia B"]
[Site "Torino ITA"]
[Date "2011.06.05"]
[Round "8"]
[White "Di Chiara, Mauro"]
[Black "Turini, Gianluca"]
[Result "1-0"]
[WhiteElo "1955"]
[BlackElo "1809"]
[PlyCount "47"]
[EventDate "2011.05.31"]

1. Nf3 Nf6 2. d4 g6 3. c4 Bg7 4. Nc3 O-O 5. e4 d6 6. Be2 e5 7. O-O Nc6 8. d5
Ne7 9. a4 Nd7 10. Ne1 f5 11. a5 Nf6 12. f3 f4 13. Nd3 c6 14. b4 Rf7 15. Bb2
cxd5 16. cxd5 Bf8 17. Rc1 Rg7 18. Nb5 a6 19. Nxd6 Qxd6 20. Bxe5 Qd8 21. Bxf6
Rf7 22. Be5 g5 23. Bc7 Qd7 24. Ne5 1-0

[Event "Open 150' Unita' d'Italia B"]
[Site "Torino ITA"]
[Date "2011.06.05"]
[Round "8"]
[White "Figari, Andrea"]
[Black "Banchio, Davide"]
[Result "1/2-1/2"]
[WhiteElo "1841"]
[BlackElo "1976"]
[PlyCount "73"]
[EventDate "2011.05.31"]

1. e4 c5 2. Nf3 d6 3. Nc3 Nf6 4. Be2 Nc6 5. O-O e6 6. d3 Be7 7. Bd2 O-O 8. Re1
a6 9. Bf1 Qc7 10. Ne2 d5 11. Ng3 dxe4 12. Nxe4 e5 13. Nfg5 Nxe4 14. Nxe4 f5 15.
Nc3 Be6 16. g3 Rad8 17. Bg2 Bf6 18. Qc1 Nd4 19. Ne2 Bd5 20. Nxd4 cxd4 21. Bh3
g6 22. Bh6 Rfe8 23. Bg5 Qe7 24. Bxf6 Qxf6 25. b3 Rc8 26. Qd2 Rc3 27. Bg2 Bxg2
28. Kxg2 Qc6+ 29. Kg1 Rxc2 30. Qa5 Qf3 31. Rf1 Qxd3 32. Qd5+ Kh8 33. Rae1 e4
34. Rd1 Rd2 35. Qf7 Rxd1 36. Qxe8+ Kg7 37. Qe7+ 1/2-1/2

[Event "Open 150' Unita' d'Italia B"]
[Site "Torino ITA"]
[Date "2011.06.05"]
[Round "8"]
[White "Iacomussi, Mario"]
[Black "Fassio, Francesco"]
[Result "1-0"]
[WhiteElo "1755"]
[BlackElo "1661"]
[PlyCount "83"]
[EventDate "2011.05.31"]

1. Nf3 Nf6 2. c4 c5 3. g3 g6 4. Bg2 Bg7 5. Qc2 Nc6 6. a3 d6 7. e4 O-O 8. d3 Bd7
9. Nc3 a6 10. h3 Qc8 11. Be3 Rb8 12. g4 b5 13. g5 Ne8 14. cxb5 axb5 15. e5 Nxe5
16. Nxe5 Bxe5 17. Nd5 Qd8 18. O-O Rc8 19. Qd2 e6 20. f4 Bg7 21. Nc3 d5 22. d4
c4 23. Rae1 Nd6 24. Bf2 Nf5 25. h4 h5 26. Bh3 Nd6 27. Bg2 Rb8 28. Re2 Qb6 29.
Rfe1 Rfc8 30. Bxd5 exd5 31. Nxd5 Qd8 32. Ne7+ Kf8 33. Nxc8 Qxc8 34. Qb4 Qc6 35.
d5 Qxd5 36. Rd2 Qb7 37. Qxd6+ Kg8 38. Qxd7 Qf3 39. Re8+ Rxe8 40. Qxe8+ Kh7 41.
Qxf7 Qg4+ 42. Kh2 1-0